Statistiques concernant Les Pokémon de la 4G dans l'ordre alphabétique

Cliquez ici pour prendre le quiz!

Statistiques générales

  • Ce quiz a été pris 89 fois
  • Le résultat moyen est 84 sur 107

Statistiques - réponses

Type de quizNom% Correct
Insecte/VolApireine
94%
Insecte/VolApitrini
94%
Normal/EauCastorno
94%
Feu/CombatChimpenfeu
94%
Plante/GlaceBlizzaroi
91%
Plante/GlaceBlizzi
91%
Dragon/SolCarchacrok
91%
Dragon/SolCarmache
91%
Acier/DragonDialga
91%
Normal/VolÉtouraptor
91%
Normal/VolÉtourmi
91%
Normal/VolÉtourvol
91%
Spectre/DragonGiratina
91%
Eau/AcierPingoléon
91%
Acier/PsyArchéodong
88%
Acier/PsyArchéomire
88%
PlanteBoskara
88%
Poison/CombatCoatox
88%
Ténèbres/VolCorboss
88%
PsyCréfadet
88%
PsyCréfollet
88%
PsyCréhelf
88%
Combat/AcierLucario
88%
FeuOuisticram
88%
Eau/DragonPalkia
88%
EauPrinplouf
88%
NormalArceus
84%
Roche/AcierBastiodon
84%
Spectre/VolBaudrive
84%
Poison/CombatCradopaud
84%
PsyCresselia
84%
TénèbresDarkrai
84%
Ténèbres/GlaceDimoret
84%
ÉlectrikÉlekable
84%
Dragon/SolGriknot
84%
SolHippodocus
84%
SolHippopotas
84%
NormalKeunotor
84%
ÉlectrikLixy
84%
Glace/SpectreMomartik
84%
RocheCharkos
81%
Roche/AcierDinoclier
81%
Spectre/VolGrodrive
81%
Feu/AcierHeatran
81%
ÉlectrikLuxio
81%
ÉlectrikLuxray
81%
FeuMaganon
81%
Glace/SolMammochon
81%
Électrik/SpectreMotisma
81%
Feu/CombatSimiabraz
81%
Insecte/PlanteCheniselle
78%
InsecteCheniti
78%
Poison/TénèbresDrascore
78%
GlaceGivrali
78%
RocheKranidos
78%
NormalLaporeille
78%
Électrik/AcierMagnézone
78%
Poison/TénèbresMoufflair
78%
Poison/TénèbresMoufouette
78%
EauTiplouf
78%
Plante/SolTorterra
78%
PlanteTortipouss
78%
PlanteCeribou
75%
PlanteCeriflor
75%
NormalChaffreux
75%
NormalChaglam
75%
Psy/CombatGallame
75%
NormalLockpin
75%
SpectreMagirêve
75%
EauManaphy
75%
Plante/PoisonRoserade
75%
Fée/VolTogekiss
75%
Insecte/VolYanmega
75%
Eau/VolBabimanta
72%
InsecteCrikzik
72%
NormalGoinfrex
72%
Insecte/VolPapilord
72%
EauPhione
72%
Normal/VolPijako
72%
CombatRiolu
72%
Plante/PoisonRozbouton
72%
PlanteVortente
72%
PlanteBouldeneu
69%
EauÉcayon
69%
InsecteMélokrik
69%
EauMustébouée
69%
EauMustéflott
69%
ÉlectrikPachirisu
69%
PlantePhyllali
69%
Sol/RocheRhinastoc
69%
Eau/SolTritosor
69%
NormalCapidextre
66%
EauLuminéon
66%
SpectreNoctunoir
66%
Poison/InsecteRapion
66%
EauSancoki
66%
Sol/VolScorvol
66%
Spectre/TénèbresSpiritomb
66%
NormalCoudlangue
63%
RocheManzaï
63%
Psy/FéeMime Jr.
63%
PlanteShaymin
63%
Roche/AcierTarinorme
63%
PsyKorillon
59%
NormalRegigigas
59%
NormalPorygon-Z
56%
NormalPtiravi
56%

Distribution des résultats

Percentile par nombre de réponses

% des personnes avec chaque résultat

Votre développement - résultats

Vous n’avez pas pris ce quiz